[Event "Niedersachsen-ch"]
[Site "Verden"]
[Date "2010.01.04"]
[Round "5.9"]
[White "Tonndorf, Matthias"]
[Black "Markgraf, Stefan"]
[Result "1-0"]
[WhiteElo "2199"]
[BlackElo "2128"]
[PlyCount "103"]
[EventDate "2010.01.??"]
[EventType "swiss"]
[EventRounds "9"]
[EventCountry "GER"]
[SourceDate "2005.10.24"]

1. e4 e5 2. Bc4 Bc5 3. Nc3 Nc6 4. Qg4 Bf8 5. Qg3 d6 6. d3 Nd4 7. Kd1 Be6 8. Nd5
b5 9. Bb3 a5 10. Ne3 Nf6 11. Bxe6 Nxe6 12. Ne2 g6 13. a4 b4 14. b3 Bg7 15. h4
Nh5 16. Qh2 Nhf4 17. Bb2 c6 18. Nxf4 Nxf4 19. g3 Ne6 20. h5 Nd4 21. hxg6 fxg6
22. Qh3 Qf6 23. Qg2 Rd8 24. Bxd4 exd4 25. Nc4 d5 26. Nd2 h5 27. Kc1 Bh6 28. f4
g5 29. exd5 gxf4 30. Kb2 Rxd5 31. gxf4 Qxf4 32. Qg6+ Kd7 33. Raf1 Rd6 34. Qxh5
Qg5 35. Rf7+ Ke8 36. Rh7+ Qxh5 37. Rxh8+ Kf7 38. Rxh5 Bxd2 39. Rxa5 Rf6 40.
Ra7+ Ke6 41. Rh1 Kd6 42. Rb7 Rf8 43. Rd1 Bc3+ 44. Kc1 Re8 45. Rh1 Re5 46. Kd1
Ke6 47. Rbh7 Re3 48. a5 c5 49. a6 c4 50. a7 cxd3 51. cxd3 Rxd3+ 52. Kc1 1-0

[Event "Niedersachsen-ch"]
[Site "Verden"]
[Date "2010.01.04"]
[Round "5.10"]
[White "Dan, Efim"]
[Black "Edel, Thomas"]
[Result "1/2-1/2"]
[WhiteElo "2122"]
[BlackElo "2074"]
[PlyCount "27"]
[EventDate "2010.01.??"]
[EventType "swiss"]
[EventRounds "9"]
[EventCountry "GER"]
[SourceDate "2005.10.24"]

1. c4 c6 2. d4 d5 3. Nc3 Nf6 4. e3 Bf5 5. Nf3 e6 6. Nh4 Bg6 7. Be2 Nbd7 8. Bd2
Be7 9. Nxg6 hxg6 10. cxd5 exd5 11. Qc2 Bd6 12. O-O-O b5 13. Kb1 O-O 14. g3
1/2-1/2

[Event "Niedersachsen-ch"]
[Site "Verden"]
[Date "2010.01.04"]
[Round "6.1"]
[White "Plischki, Sebastian"]
[Black "Lubbe, Nikolas"]
[Result "1/2-1/2"]
[WhiteElo "2347"]
[BlackElo "2349"]
[PlyCount "50"]
[EventDate "2010.01.??"]
[EventType "swiss"]
[EventRounds "9"]
[EventCountry "GER"]
[SourceDate "2005.10.24"]

1. d4 Nf6 2. c4 c5 3. Nf3 e6 4. Nc3 cxd4 5. Nxd4 Nc6 6. a3 Be7 7. e4 O-O 8. Be2
d6 9. Be3 a6 10. O-O Bd7 11. Rc1 Rc8 12. f3 Na5 13. Nb1 e5 14. Nf5 Bxf5 15.
exf5 d5 16. cxd5 Rxc1 17. Qxc1 Nxd5 18. Rd1 Nb3 19. Qc4 Nxe3 20. Rxd8 Nxc4 21.
Rxf8+ Kxf8 22. Bxc4 Nd4 23. Bd3 Bg5 24. Kf2 Bc1 25. b4 Ke7 1/2-1/2

[Event "Niedersachsen-ch"]
[Site "Verden"]
[Date "2010.01.04"]
[Round "6.2"]
[White "Kaphle, Sebastian"]
[Black "Mueer, Sebastian"]
[Result "1-0"]
[WhiteElo "2152"]
[BlackElo "2084"]
[PlyCount "73"]
[EventDate "2010.01.??"]
[EventType "swiss"]
[EventRounds "9"]
[EventCountry "GER"]
[SourceDate "2005.10.24"]

1. e4 g6 2. d4 Bg7 3. Nc3 d6 4. Bg5 h6 5. Bh4 Nd7 6. Bc4 c5 7. Nge2 cxd4 8.
Nxd4 Ngf6 9. O-O O-O 10. Re1 a6 11. Bb3 Nc5 12. f3 Nxb3 13. Nxb3 b5 14. Bf2 Qc7
15. Qd2 Bb7 16. Be3 Kh7 17. Qf2 Nd7 18. Bd4 Rac8 19. Bxg7 Kxg7 20. a4 bxa4 21.
Rxa4 Nc5 22. Nxc5 Qxc5 23. Qxc5 Rxc5 24. Rb4 Bc6 25. Ra1 Ra8 26. Kf2 a5 27. Rb6
a4 28. Ra3 Kf6 {(=)} 29. Ke3 Ke6 30. Kd2 Kd7 31. Rb4 Rca5 32. Ne2 h5 33. Nd4 d5
34. Rc3 R5a6 35. Nxc6 Rxc6 36. Rb7+ Kd6 37. e5+ 1-0

[Event "Niedersachsen-ch"]
[Site "Verden"]
[Date "2010.01.04"]
[Round "6.3"]
[White "Laubsch, Bernd"]
[Black "Heinemann, Ernst"]
[Result "1-0"]
[WhiteElo "2299"]
[BlackElo "2199"]
[PlyCount "93"]
[EventDate "2010.01.??"]
[EventType "swiss"]
[EventRounds "9"]
[EventCountry "GER"]
[SourceDate "2005.10.24"]

1. e4 c6 2. d4 d5 3. Nc3 g6 4. h3 Bg7 5. Nf3 Nh6 6. Bf4 dxe4 7. Nxe4 Nf5 8. c3
O-O 9. Bd3 Nd7 10. g4 Nd6 11. Nxd6 exd6 12. Bxd6 Re8+ 13. Kf1 Nb6 14. Bg3 Be6
15. Kg1 Bd5 16. Bf1 Nc4 17. Bxc4 Bxc4 18. Ne5 Bd5 19. f3 f6 20. Nd3 Re3 21. Ne1
Qe7 22. Bf4 Re2 23. Rh2 Rxh2 24. Kxh2 Re8 25. b3 b5 26. Kg2 f5 27. g5 c5 28.
dxc5 Qxc5 29. Rc1 Bb7 30. Qd3 Be5 31. Be3 Qe7 32. h4 f4 33. Bd4 Qe6 34. Bf2
Qg4+ 35. Kf1 Qh3+ 36. Kg1 Bc7 37. Qxb5 Qc8 38. Qc4+ Kg7 39. Bd4+ Kf8 40. Bxa7
Ba6 41. Qd4 Re5 42. Ng2 Qe6 43. c4 Re2 44. Qh8+ Kf7 45. Qxh7+ Ke8 46. Qxc7 Bc8
47. Bf2 1-0

[Event "Niedersachsen-ch"]
[Site "Verden"]
[Date "2010.01.04"]
[Round "6.4"]
[White "Mueller, Fabian"]
[Black "Frank, Christian"]
[Result "1-0"]
[WhiteElo "2331"]
[BlackElo "1987"]
[PlyCount "77"]
[EventDate "2010.01.??"]
[EventType "swiss"]
[EventRounds "9"]
[EventCountry "GER"]
[SourceDate "2005.10.24"]

1. d4 Nf6 2. c4 e6 3. Nc3 Bb4 4. a3 Bxc3+ 5. bxc3 b6 6. f3 d5 7. cxd5 exd5 8.
e3 O-O 9. Bd3 c5 10. Ne2 Qd7 11. O-O Re8 12. Ng3 Ba6 13. a4 Bxd3 14. Qxd3 Nc6
15. dxc5 bxc5 16. c4 Ne5 17. Qa3 dxc4 18. Qxc5 Rac8 19. Qa5 Qd3 20. Ra3 Qc2 21.
e4 Nd3 22. Qg5 h6 23. Qd2 Qxd2 24. Bxd2 Rb8 25. Rc3 Rb2 26. Be3 Rb3 27. Ne2 a6
28. Rxc4 Nd5 29. Bd2 Rb2 30. Rd1 Nb6 31. Rd4 Ne5 32. Nc3 Rc8 33. a5 Nbc4 34.
Nd5 Rc5 35. Bb4 Rxd5 36. exd5 Rxb4 37. f4 Ng4 38. d6 Nf6 39. Rc1 1-0

[Event "Niedersachsen-ch"]
[Site "Verden"]
[Date "2010.01.04"]
[Round "6.5"]
[White "Prenzler, Daniel"]
[Black "Helmer, Christoph"]
[Result "1/2-1/2"]
[WhiteElo "2190"]
[BlackElo "1897"]
[PlyCount "54"]
[EventDate "2010.01.??"]
[EventType "swiss"]
[EventRounds "9"]
[EventCountry "GER"]
[SourceDate "2005.10.24"]

1. Nf3 Nf6 2. d3 g6 3. g3 Bg7 4. Bg2 d6 5. O-O O-O 6. e4 c6 7. Re1 e5 8. Nbd2
Nbd7 9. a4 Qc7 10. Nc4 Re8 11. Ne3 d5 12. Nh4 dxe4 13. dxe4 Nc5 14. Nc4 Rd8 15.
Qe2 Ne6 16. c3 Nc5 17. Be3 Ncxe4 18. f3 Nd6 19. Nxe5 Nd5 20. f4 Nxe3 21. Qxe3
Nf5 22. Nxf5 Bxf5 23. Rad1 Re8 24. Qc5 Bxe5 25. fxe5 Qb6 26. Qf2 Re7 27. Rd4
Rae8 1/2-1/2

[Event "Niedersachsen-ch"]
[Site "Verden"]
[Date "2010.01.04"]
[Round "6.6"]
[White "Hantak, Adam"]
[Black "Lick, Patrick"]
[Result "1/2-1/2"]
[WhiteElo "2161"]
[BlackElo "2038"]
[PlyCount "68"]
[EventDate "2010.01.??"]
[EventType "swiss"]
[EventRounds "9"]
[EventCountry "GER"]
[SourceDate "2005.10.24"]

1. d4 Nf6 2. Nf3 e6 3. g3 b6 4. Bg2 Bb7 5. c4 Be7 6. O-O O-O 7. Nc3 Ne4 8. Nxe4
Bxe4 9. Ne1 Bxg2 10. Nxg2 f5 11. b3 d6 12. Bb2 Bf6 13. Qc2 Nd7 14. Rad1 Qe7 15.
e4 fxe4 16. Qxe4 e5 17. dxe5 Bxe5 18. Bxe5 Nxe5 19. f4 Ng6 20. Qd5+ Qf7 21.
Rfe1 Rae8 22. Qxf7+ Kxf7 23. Kf2 Rxe1 24. Rxe1 Rd8 25. Ne3 c6 26. Rd1 Ne7 27.
Nc2 a5 28. Rd2 Ke6 29. Nd4+ Kd7 30. Re2 Rg8 31. Kf3 d5 32. cxd5 cxd5 33. Ke3
Rc8 34. f5 Rc1 1/2-1/2

[Event "Niedersachsen-ch"]
[Site "Verden"]
[Date "2010.01.04"]
[Round "6.7"]
[White "Neumair, Jerome"]
[Black "Tonndorf, Matthias"]
[Result "0-1"]
[WhiteElo "2013"]
[BlackElo "2199"]
[PlyCount "78"]
[EventDate "2010.01.??"]
[EventType "swiss"]
[EventRounds "9"]
[EventCountry "GER"]
[SourceDate "2005.10.24"]

1. d4 g6 2. c4 Bg7 3. e4 d6 4. Bg5 c5 5. Nf3 cxd4 6. Nxd4 Nc6 7. Be3 Nf6 8. f3
Qb6 9. Qb3 Ng4 10. fxg4 Nxd4 11. Qxb6 axb6 12. Bxd4 Bxd4 13. Nc3 Bxc3+ 14. bxc3
Bxg4 15. Be2 Be6 16. Kd2 Kd7 17. Rhb1 Kc7 18. Rb2 Ra5 19. Rab1 Rha8 20. Rxb6
Rxa2+ 21. Ke3 R8a7 22. R1b3 Rxe2+ 23. Kxe2 Bxc4+ 24. Kf3 Bxb3 25. Rxb3 Ra2 26.
h3 Rc2 27. g3 Kc6 28. Kf4 h5 29. g4 e5+ 30. Kf3 hxg4+ 31. Kxg4 Rf2 32. Rb4 b5
33. Kg3 Ra2 34. c4 bxc4 35. Rxc4+ Kd7 36. Rb4 Ra3+ 37. Kg4 Re3 38. Ra4 Ke6 39.
Rb4 Rxe4+ 0-1

[Event "Niedersachsen-ch"]
[Site "Verden"]
[Date "2010.01.04"]
[Round "6.8"]
[White "Kuberczyk, Christoph"]
[Black "Schulz, Jens"]
[Result "1/2-1/2"]
[WhiteElo "1923"]
[BlackElo "2131"]
[PlyCount "48"]
[EventDate "2010.01.??"]
[EventType "swiss"]
[EventRounds "9"]
[EventCountry "GER"]
[SourceDate "2005.10.24"]

1. d4 Nf6 2. Nc3 d5 3. Bg5 c6 4. Qd3 g6 5. Bxf6 exf6 6. e4 dxe4 7. Nxe4 Bf5 8.
O-O-O Bg7 9. f3 O-O 10. g4 Bc8 11. Ng3 Qa5 12. Kb1 Be6 13. a3 b5 14. N1e2 {
Wenigstens einem der Spieler ist noch aufgefallen, daß Sge2 Raum fürInterpretat
ionen läßt.} Nd7 15. Nf4 Bc4 16. Qe4 Nb6 17. Qxc6 Rac8 18. Qd6 Rfd8 19. Qb4 Qa6
20. Ne4 Bf8 21. Nxf6+ Kh8 22. Qe1 Bxa3 23. Qh4 Kg7 24. N4h5+ gxh5 1/2-1/2

[Event "Niedersachsen-ch"]
[Site "Verden"]
[Date "2010.01.04"]
[Round "6.9"]
[White "Woellermann, Jan"]
[Black "Edel, Thomas"]
[Result "1/2-1/2"]
[WhiteElo "2080"]
[BlackElo "2074"]
[PlyCount "28"]
[EventDate "2010.01.??"]
[EventType "swiss"]
[EventRounds "9"]
[EventCountry "GER"]
[SourceDate "2005.10.24"]

1. e4 c6 2. d4 d5 3. e5 c5 4. dxc5 Nc6 5. Bb5 e6 6. Be3 Nge7 7. c3 Bd7 8. Bxc6
Nxc6 9. f4 g5 10. Nf3 gxf4 11. Bd4 Nxd4 12. Qxd4 Qc7 13. b4 b6 14. cxb6 Qxb6
1/2-1/2

[Event "Niedersachsen-ch"]
[Site "Verden"]
[Date "2010.01.04"]
[Round "6.10"]
[White "Markgraf, Stefan"]
[Black "Dan, Efim"]
[Result "1/2-1/2"]
[WhiteElo "2128"]
[BlackElo "2122"]
[PlyCount "98"]
[EventDate "2010.01.??"]
[EventType "swiss"]
[EventRounds "9"]
[EventCountry "GER"]
[SourceDate "2005.10.24"]

1. e4 c5 2. c3 d5 3. exd5 Qxd5 4. d4 Nf6 5. Nf3 Bg4 6. dxc5 Qxd1+ 7. Kxd1 Nc6
8. Be2 e6 9. b4 a5 10. b5 O-O-O+ 11. Ke1 Bxf3 12. gxf3 Ne5 13. Be3 Nd3+ 14.
Bxd3 Rxd3 15. Bd4 Rxf3 16. Nd2 Rf5 17. Rg1 e5 18. Be3 Nd5 19. Ne4 Nxe3 20. fxe3
Rf3 21. Ke2 Rh3 22. Rg2 Rh4 23. Ng5 Bxc5 24. Nxf7 Re8 25. Rxg7 Rxh2+ 26. Kd3
Rh4 27. e4 Re7 28. Rg8+ Kc7 29. Ng5 h6 30. Nf3 Rh3 31. Rf1 Rf7 32. Kc4 Ba3 33.
Nd2 Rxf1 34. Rg7+ Kb6 35. Nxf1 Bb2 36. Rg6+ Kc7 37. Rg7+ Kc8 38. Ng3 h5 39. Nf5
Rxc3+ 40. Kd5 Rd3+ 41. Ke6 Ba3 42. Rh7 h4 43. Nxh4 Rd6+ 44. Kxe5 Rb6 45. Nf5
Rxb5+ 46. Ke6 Rb6+ 47. Kd5 Rb5+ 48. Ke6 Rb6+ 49. Kd5 Rb5+ 1/2-1/2

[Event "Niedersachsen-ch"]
[Site "Verden"]
[Date "2010.01.05"]
[Round "7.1"]
[White "Laubsch, Bernd"]
[Black "Plischki, Sebastian"]
[Result "1/2-1/2"]
[WhiteElo "2299"]
[BlackElo "2347"]
[PlyCount "133"]
[EventDate "2010.01.??"]
[EventType "swiss"]
[EventRounds "9"]
[EventCountry "GER"]
[SourceDate "2005.10.24"]

1. e4 c5 2. Nf3 Nc6 3. d4 cxd4 4. Nxd4 Qb6 5. Nb3 Nf6 6. Nc3 e6 7. Bg5 Be7 8.
Qd2 O-O 9. f4 d6 10. Be2 Rd8 11. O-O-O a6 12. Kb1 Qc7 13. g4 b5 14. Bxf6 Bxf6
15. g5 Be7 16. Bf3 b4 17. Ne2 a5 18. h4 Rb8 19. Nbd4 Ne5 20. Nc1 Nc4 21. Qf2 a4
22. Nd3 Bf8 23. h5 Qb6 24. Rh2 e5 25. Nf5 Qxf2 26. Rxf2 Re8 27. Re2 d5 28. Ne3
dxe4 29. Nxc4 exf3 30. Rxe5 Bg4 31. Rh1 b3 32. axb3 axb3 33. cxb3 Rxe5 34.
Ncxe5 Bf5 35. Kc2 Bd6 36. Kc3 Rd8 37. Rf1 f6 38. gxf6 gxf6 39. Nxf3 Bxd3 40.
Kxd3 Bxf4+ 41. Ke4 Bb8 42. h6 Kf7 43. Rg1 f5+ 44. Kxf5 Rd5+ 45. Ke4 Rb5 46.
Rg7+ Kf6 47. Nd4 Re5+ 48. Kd3 Rh5 49. Rxh7 Be5 50. b4 Rh3+ 51. Kc4 Rh4 52. Rd7
Rxh6 53. b3 Rh1 54. Nc6 Bg3 55. Rd3 Bc7 56. b5 Ke6 57. Nd8+ Ke7 58. Nb7 Bb6 59.
b4 Rh4+ 60. Kd5 Kd7 61. Nc5+ Kc7 62. Re3 Rxb4 63. Na6+ Kd7 64. Re7+ Kxe7 65.
Nxb4 Kd7 66. Na6 Bf2 67. Nc5+ 1/2-1/2

[Event "Niedersachsen-ch"]
[Site "Verden"]
[Date "2010.01.05"]
[Round "7.2"]
[White "Lubbe, Nikolas"]
[Black "Kaphle, Sebastian"]
[Result "1-0"]
[WhiteElo "2349"]
[BlackElo "2152"]
[PlyCount "81"]
[EventDate "2010.01.??"]
[EventType "swiss"]
[EventRounds "9"]
[EventCountry "GER"]
[SourceDate "2005.10.24"]

1. Nf3 Nf6 2. d3 g6 3. g3 Bg7 4. Bg2 O-O 5. O-O c5 6. e4 Nc6 7. c3 d6 8. h3 Rb8
9. Nh4 b5 10. f4 Qc7 11. Nd2 a5 12. Ndf3 b4 13. c4 h6 14. Rb1 e5 15. f5 g5 16.
Nxg5 hxg5 17. Bxg5 Nh7 18. Be3 Nd4 19. g4 Qe7 20. Nf3 Nxf3+ 21. Rxf3 Bf6 22.
Qd2 Bg5 23. Bxg5 Qxg5 24. Qxg5+ Nxg5 25. Rg3 f6 26. h4 Nh7 27. Bf3 Kh8 28. Kf2
Rg8 29. Rh1 Bd7 30. g5 Be8 31. g6 Nf8 32. h5 Nh7 33. h6 Ng5 34. Bh5 a4 35. Rxg5
fxg5 36. Kg3 a3 37. b3 Rb6 38. Kg4 d5 39. cxd5 Rd6 40. Kxg5 Rb6 41. Rc1 1-0

[Event "Niedersachsen-ch"]
[Site "Verden"]
[Date "2010.01.05"]
[Round "7.3"]
[White "Mueer, Sebastian"]
[Black "Hantak, Adam"]
[Result "0-1"]
[WhiteElo "2084"]
[BlackElo "2161"]
[PlyCount "114"]
[EventDate "2010.01.??"]
[EventType "swiss"]
[EventRounds "9"]
[EventCountry "GER"]
[SourceDate "2005.10.24"]

1. Nf3 d6 2. d4 g6 3. e4 Nf6 4. Nc3 Bg7 5. Be3 a6 6. Qd2 b5 7. Bd3 Bb7 8. a3
Nbd7 9. Bh6 Bxh6 10. Qxh6 e5 11. d5 Qe7 12. O-O-O Nc5 13. Rhe1 Qf8 14. Qe3 Qg7
15. h3 Nfd7 16. Nd2 O-O 17. g4 Rfd8 18. Kb1 c6 19. b4 Nxd3 20. Qxd3 cxd5 21.
Nxd5 Bxd5 22. exd5 Nb6 23. c4 Nxc4 24. Nxc4 bxc4 25. Qxc4 Rdc8 26. Qb3 Qf6 27.
Re2 a5 28. Rc1 Rxc1+ 29. Kxc1 Qf4+ 30. Kb2 Qd4+ 31. Qc3 axb4 32. Qxd4 bxa3+ 33.
Ka2 exd4 34. Rd2 Rc8 35. Kxa3 Rc3+ 36. Kb4 Rxh3 37. Kc4 Rf3 38. Kb5 Rc3 39.
Rxd4 Rc5+ 40. Kb6 Kg7 41. g5 h6 42. f4 hxg5 43. fxg5 f6 44. Re4 fxg5 45. Re7+
Kh6 46. Re6 Rxd5 47. Kc6 Rd4 48. Kd7 d5 49. Rd6 g4 50. Ke7 g3 51. Kf7 Rf4+ 52.
Kg8 g2 53. Rd7 g1=Q 54. Rg7 Qc5 55. Rh7+ Kg5 56. Rg7 Qf8+ 57. Kh7 Rh4# 0-1

[Event "Niedersachsen-ch"]
[Site "Verden"]
[Date "2010.01.05"]
[Round "7.4"]
[White "Heinemann, Ernst"]
[Black "Mueller, Fabian"]
[Result "0-1"]
[WhiteElo "2199"]
[BlackElo "2331"]
[PlyCount "76"]
[EventDate "2010.01.??"]
[EventType "swiss"]
[EventRounds "9"]
[EventCountry "GER"]
[SourceDate "2005.10.24"]

1. e4 c5 2. Nf3 e6 3. d4 cxd4 4. Nxd4 Nc6 5. Nc3 Qc7 6. Nxc6 bxc6 7. Bd3 Nf6 8.
Qe2 Be7 9. Bd2 d5 10. O-O O-O 11. Rfe1 Re8 12. a4 a5 13. Rab1 Rb8 14. Qf3 Rb4
15. b3 Bd6 16. h3 Be5 17. exd5 exd5 18. Ne2 Rb8 19. Ng3 Bd7 20. Nf5 Bxf5 21.
Qxf5 Re6 22. Re2 Bh2+ 23. Kf1 Rxe2 24. Kxe2 c5 25. Bb5 Rd8 26. Rd1 Ne4 27. Kf1
g6 28. Qf3 Be5 29. Be1 Rd6 30. Kg1 Bd4 31. c4 Rf6 32. Qe2 Rxf2 33. Bxf2 Bxf2+
34. Qxf2 Nxf2 35. Kxf2 Qf4+ 36. Kg1 Qe3+ 37. Kh1 d4 38. Bc6 Qxb3 0-1

[Event "Niedersachsen-ch"]
[Site "Verden"]
[Date "2010.01.05"]
[Round "7.5"]
[White "Helmer, Christoph"]
[Black "Tonndorf, Matthias"]
[Result "1-0"]
[WhiteElo "1897"]
[BlackElo "2199"]
[PlyCount "111"]
[EventDate "2010.01.??"]
[EventType "swiss"]
[EventRounds "9"]
[EventCountry "GER"]
[SourceDate "2005.10.24"]

1. d4 g6 2. c4 Bg7 3. Nc3 d6 4. e4 Nd7 5. Nf3 e5 6. d5 Ne7 7. Be2 O-O 8. O-O h6
9. b4 f5 10. Nd2 Kh7 11. a4 a5 12. Ba3 axb4 13. Bxb4 Nc5 14. Bxc5 dxc5 15. Nb3
b6 16. a5 Bd7 17. Qc2 Rb8 18. axb6 cxb6 19. f3 Nc8 20. Nb5 Qe7 21. Bd3 Kh8 22.
Ra6 h5 23. Rb1 f4 24. Nd2 g5 25. Na7 Rf6 26. Qa2 g4 27. Nxc8 Bxc8 28. Ra7 Qd6
29. Qa4 Rg6 30. Be2 Kh7 31. Rb2 Kh6 32. Qd1 Bf6 33. Nb1 Bd7 34. Nc3 Rbg8 35.
Nb5 Qe7 36. Rba2 Qd8 37. Nd6 R6g7 38. Rxd7 Rxd7 39. Nf5+ Kh7 40. fxg4 hxg4 41.
Bxg4 Rg5 42. Qf3 Kh8 43. h4 Rg6 44. h5 Rg5 45. Ra6 Rh7 46. h6 Rb7 47. d6 Qb8
48. Bh3 Ra7 49. Rxa7 Qxa7 50. Qd1 Qd7 51. Kh2 Qb7 52. d7 Bd8 53. Nd6 Qc7 54.
Nf7+ Kh7 55. Nxg5+ Bxg5 56. Qh5 1-0

[Event "Niedersachsen-ch"]
[Site "Verden"]
[Date "2010.01.05"]
[Round "7.6"]
[White "Frank, Christian"]
[Black "Prenzler, Daniel"]
[Result "1/2-1/2"]
[WhiteElo "1987"]
[BlackElo "2190"]
[PlyCount "127"]
[EventDate "2010.01.??"]
[EventType "swiss"]
[EventRounds "9"]
[EventCountry "GER"]
[SourceDate "2005.10.24"]

1. d4 Nf6 2. c4 c5 3. d5 e6 4. Nc3 exd5 5. cxd5 d6 6. e4 g6 7. h3 Bg7 8. Nf3
O-O 9. Bd3 a6 10. a4 Nbd7 11. O-O Qe7 12. Re1 b6 13. Bf4 Ne8 14. Bg5 Bf6 15.
Bxf6 Qxf6 16. Qd2 Ne5 17. Nxe5 dxe5 18. Nd1 Rb8 19. b4 Nd6 20. bxc5 bxc5 21.
Rc1 Rb4 22. Rxc5 Rxa4 23. Nc3 Rd4 24. Qe3 Qe7 25. Rc6 Bb7 26. Rb6 Qc7 27. Rb3
a5 28. Ne2 Rb4 29. Rc1 Qd7 30. Rxb4 axb4 31. Qb6 Rc8 32. Rxc8+ Bxc8 33. Qxb4
Kg7 34. Nc3 Qc7 35. Kh2 Bd7 36. Nd1 Nb7 37. Qe7 Qd6 38. Qxd6 Nxd6 39. Ne3 f5
40. f3 fxe4 41. fxe4 Kf6 42. Kg3 g5 43. Nc4 Nxc4 44. Bxc4 Ke7 45. Be2 h6 46.
Bg4 Ba4 47. h4 Bb5 48. hxg5 hxg5 49. Bf5 Be2 50. Kf2 Bd1 51. Ke1 Ba4 52. Kd2
Kd6 53. Kc3 Kc5 54. Kd3 Bb5+ 55. Ke3 Ba4 56. Kf3 Bd1+ 57. Kg3 Kd6 58. Bg4 Ba4
59. Bh5 Ke7 60. d6+ Kxd6 61. Kg4 Bc2 62. Bg6 Kc5 63. Kxg5 Kd4 64. Kf6 1/2-1/2

[Event "Niedersachsen-ch"]
[Site "Verden"]
[Date "2010.01.05"]
[Round "7.7"]
[White "Lick, Patrick"]
[Black "Kuberczyk, Christoph"]
[Result "1-0"]
[WhiteElo "2038"]
[BlackElo "1923"]
[PlyCount "59"]
[EventDate "2010.01.??"]
[EventType "swiss"]
[EventRounds "9"]
[EventCountry "GER"]
[SourceDate "2005.10.24"]

1. d4 Nf6 2. c4 e6 3. Nf3 d5 4. Bg5 Be7 5. cxd5 exd5 6. Nc3 c6 7. e3 Nbd7 8.
Qc2 O-O 9. Bd3 Re8 10. O-O Nf8 11. Rab1 a5 12. a3 Ne4 13. Bxe4 Bxg5 14. Bd3 Ng6
15. Bf5 Qf6 16. Bxc8 Raxc8 17. b4 axb4 18. axb4 Nh4 19. Nxh4 Bxh4 20. Na4 h5
21. Nb6 Rcd8 22. b5 Re6 23. Na4 cxb5 24. Rxb5 b6 25. Qb3 Rc8 26. g3 Rec6 27.
Qxd5 Bxg3 28. hxg3 h4 29. g4 Ra8 30. Rxb6 1-0

[Event "Niedersachsen-ch"]
[Site "Verden"]
[Date "2010.01.05"]
[Round "7.8"]
[White "Schulz, Jens"]
[Black "Woellermann, Jan"]
[Result "0-1"]
[WhiteElo "2131"]
[BlackElo "2080"]
[PlyCount "128"]
[EventDate "2010.01.??"]
[EventType "swiss"]
[EventRounds "9"]
[EventCountry "GER"]
[SourceDate "2005.10.24"]

1. e4 c5 2. Nc3 Nc6 3. g3 g6 4. Bg2 Bg7 5. Nf3 d6 6. d3 Rb8 7. Be3 Nd4 8. Qd2
b5 9. h3 a5 10. Nd1 b4 11. c3 bxc3 12. bxc3 Nc6 13. O-O Ba6 14. Re1 Nf6 15. Rc1
O-O 16. Bf1 c4 17. Bh6 Bxh6 18. Qxh6 cxd3 19. Ne3 Ne5 20. Nd4 e6 21. f4 d2 22.
Bxa6 dxc1=Q 23. Rxc1 Nf3+ 24. Nxf3 Qb6 25. Nd4 Qxa6 26. Rd1 Kh8 27. e5 dxe5 28.
fxe5 Ng8 29. Qf4 Rb2 30. h4 h6 31. h5 Qc8 32. c4 g5 33. Qg4 f5 34. exf6 Nxf6
35. Qxe6 Qxe6 36. Nxe6 Re8 37. Rd6 Re2 38. Nc7 R8xe3 39. Rxf6 Kg7 40. Rg6+ Kf7
41. Rxh6 Rxa2 42. Rf6+ Kg7 43. Nd5 Rxg3+ 44. Kf1 Rh3 45. Rg6+ Kf7 46. Rf6+ Ke8
47. Kg1 Rxh5 48. c5 Rh4 49. Nc7+ Kd8 50. Nd5 {Ab hier mit ganz viel raten.} Re4
51. Kf1 Rh4 52. Kg1 Rc2 53. c6 Rh8 54. Rd6+ Kc8 55. Ne7+ Kb8 56. Rd7 a4 57.
Rb7+ Ka8 58. Rb6 Re8 59. Ra6+ Kb8 60. Rb6+ Kc7 61. Rb7+ Kd6 62. Rd7+ Ke6 63.
Ng6 Rxc6 64. Ra7 Kf6 0-1

[Event "Niedersachsen-ch"]
[Site "Verden"]
[Date "2010.01.05"]
[Round "7.9"]
[White "Edel, Thomas"]
[Black "Markgraf, Stefan"]
[Result "1/2-1/2"]
[WhiteElo "2074"]
[BlackElo "2128"]
[PlyCount "47"]
[EventDate "2010.01.??"]
[EventType "swiss"]
[EventRounds "9"]
[EventCountry "GER"]
[SourceDate "2005.10.24"]

1. d4 e6 2. Nf3 Nf6 3. Nbd2 c5 4. e3 b6 5. Bd3 Ba6 6. c4 d5 7. Ne5 cxd4 8. Qa4+
Nfd7 9. exd4 Bd6 10. Ndf3 O-O 11. cxd5 Bxd3 12. Nxd3 exd5 13. O-O h6 14. Bf4
Bxf4 15. Nxf4 Nf6 16. Rac1 Qd6 17. Ne5 a6 18. Nfd3 Ra7 19. Qb4 Qxb4 20. Nxb4 a5
21. Nbc6 Rb7 22. Rc2 Na6 23. a3 Nc7 24. f3 1/2-1/2

[Event "Niedersachsen-ch"]
[Site "Verden"]
[Date "2010.01.05"]
[Round "7.10"]
[White "Dan, Efim"]
[Black "Neumair, Jerome"]
[Result "1-0"]
[WhiteElo "2122"]
[BlackElo "2013"]
[PlyCount "91"]
[EventDate "2010.01.??"]
[EventType "swiss"]
[EventRounds "9"]
[EventCountry "GER"]
[SourceDate "2005.10.24"]

1. c4 e6 2. Nc3 d5 3. d4 c6 4. e3 f5 5. Bd3 Nf6 6. Nf3 Bd6 7. Qc2 Ne4 8. h4 Qf6
9. Qe2 O-O 10. Bd2 b6 11. O-O-O Ba6 12. Rdf1 Nd7 13. Kb1 Rac8 14. Be1 e5 15.
cxd5 Nxc3+ 16. Bxc3 Bxd3+ 17. Qxd3 e4 18. Qc4 exf3 19. dxc6+ Kh8 20. gxf3 Bb8
21. d5 Be5 22. f4 Bxc3 23. Qxc3 Nc5 24. Rc1 Qxc3 25. bxc3 b5 26. Rhd1 Rfd8 27.
c4 bxc4 28. Rd4 Ne4 29. Rcxc4 Nxf2 30. d6 Ne4 31. d7 Rc7 32. Rxe4 fxe4 33. Rxe4
Rcc8 34. dxc8=Q Rxc8 35. c7 h5 36. Re7 Kh7 37. f5 Kh6 38. Kb2 g5 39. fxg6 Kxg6
40. Kc3 Kf5 41. Kd4 Kg4 42. e4 Kxh4 43. Rg7 Kh3 44. Kd5 h4 45. Kc6 Kh2 46. Kb7
1-0

[Event "Niedersachsen-ch"]
[Site "Verden"]
[Date "2010.01.05"]
[Round "8.1"]
[White "Lubbe, Nikolas"]
[Black "Laubsch, Bernd"]
[Result "1/2-1/2"]
[WhiteElo "2349"]
[BlackElo "2299"]
[PlyCount "125"]
[EventDate "2010.01.??"]
[EventType "swiss"]
[EventRounds "9"]
[EventCountry "GER"]
[SourceDate "2005.10.24"]

1. e4 c5 2. Nf3 e6 3. d4 cxd4 4. Nxd4 Nf6 5. Nc3 d6 6. Bg5 Be7 7. Qd2 a6 8.
O-O-O b5 9. f3 Bb7 10. h4 Nbd7 11. Kb1 Nb6 12. Nb3 Rc8 13. Bxf6 gxf6 14. Bd3
Nc4 15. Bxc4 Rxc4 16. Ne2 b4 17. Qd3 Rc8 18. Nf4 Qb6 19. Qd2 h5 20. Rhe1 a5 21.
Nc1 Rc7 22. Qe3 Qc5 23. Nb3 Qxe3 24. Rxe3 a4 25. Nc1 Rc5 26. b3 a3 27. Nfd3 Rb5
28. Ne2 Rg8 29. c4 bxc3 30. Nxc3 Rb6 31. Nf4 Rh8 32. Na4 Ra6 33. Rc3 Bc6 34.
Rdc1 Bxa4 35. bxa4 Rxa4 36. Rc8+ Bd8 37. Rb8 f5 38. Ne2 fxe4 39. Nc3 Rc4 40.
Nxe4 Rxc1+ 41. Kxc1 Kd7 42. Kc2 f5 43. Ng5 Bf6 44. Rb7+ Kc6 45. Rb3 Bxg5 46.
hxg5 e5 47. g3 h4 48. gxh4 Rxh4 49. Rxa3 Rh5 50. f4 exf4 51. g6 Rg5 52. Ra5
Rxg6 53. Rxf5 Rg2+ 54. Kd3 Rxa2 55. Rxf4 Ra3+ 56. Kd2 Kc5 57. Rh4 d5 58. Rg4
Rh3 59. Rf4 Kd6 60. Rg4 Ke5 61. Rg5+ Kd4 62. Rg4+ Kc5 63. Rf4 1/2-1/2

[Event "Niedersachsen-ch"]
[Site "Verden"]
[Date "2010.01.05"]
[Round "8.2"]
[White "Plischki, Sebastian"]
[Black "Mueller, Fabian"]
[Result "1/2-1/2"]
[WhiteElo "2347"]
[BlackElo "2331"]
[PlyCount "26"]
[EventDate "2010.01.??"]
[EventType "swiss"]
[EventRounds "9"]
[EventCountry "GER"]
[SourceDate "2005.10.24"]

1. d4 Nf6 2. c4 e6 3. Nf3 c5 4. d5 d6 5. Nc3 exd5 6. cxd5 g6 7. Qa4+ Nbd7 8.
Bf4 a6 9. e4 Nh5 10. Bg5 Be7 11. Bh6 Bf8 12. Bg5 Be7 13. Bh6 Bf8 1/2-1/2